| 000 | 00729nam a2200241 a 4500 | ||
|---|---|---|---|
| 001 | BRCA_5700 | ||
| 005 | 20190320205203.0 | ||
| 008 | 020311t1935----mx-######w---#001-0#spa-# | ||
| 041 | _aspa | ||
| 044 | _amx | ||
| 050 | 4 |
_aKGF1144 _b.J56 1935 |
|
| 100 | 1 |
_aJiménez, Antolin _914478 |
|
| 245 | 1 | 0 |
_aLeyes Bancarias _cAntolin Jiménez. |
| 260 |
_aMéxico _bImpresores S.R.L. _c1935 |
||
| 300 |
_a820 p. _c20 cm. |
||
| 500 | _aEdición con cantos dorados | ||
| 500 | _aIncluye un recibo a nombre del Sr. Franz Mayer por la compra del documento, viene firmado por el autor de la obra | ||
| 500 | _aH23 | ||
| 650 | 1 | 4 |
_aLeyes Bancarias _zMéxico _914479 |
| 650 | 1 | 4 |
_aDerecho Mexicano. _914480 |
| 902 | _aGFM | ||
| 942 |
_2lcc _cB |
||
| 999 |
_c5393 _d5393 |
||